000
00300nam a22001217a 4500
008
160521b xxu||||| |||| 00| 0 eng d
020
_a
9780534377953
020
_a
0534377955
041
_a
eng
080
_a
579
245
_a
Biology tbe unity and diversity of life:
_c
Starr Taggart;
942
_2
udc
_c
BK
999
_c
2352
_d
2352